Radiative decay Y(4260) -> X(3872) + gamma involving hadronic molecular and charmonium components; Physical Review D; Vol. 90

Podrobná bibliografie
Parent link:Physical Review D: Scientific Journal.— , 1970-
Vol. 90.— 2014.— [074032, 10 p.]
Korporativní autor: Национальный исследовательский Томский политехнический университет (ТПУ) Физико-технический институт (ФТИ) Кафедра высшей математики и математической физики (ВММФ)
Další autoři: Dong Y., Faessler A., Gutsche T., Lyubovitskiy (Lyubovitskij) V. E. Valery Efimovich
Shrnutí:Title screen
We apply a phenomenological Lagrangian approach to the radiative decay Y(4260)>X(3872)+gamma. The Y(4260) and X(3872) resonances are considered as composite states containing both molecular hadronic and charmonium components. Having a leading molecular component in the X(3872) and a sole molecular configuration for the Y(4260) results in a prediction compatible with present data.
Режим доступа: по договору с организацией-держателем ресурса
Jazyk:angličtina
Vydáno: 2014
Témata:
On-line přístup:http://journals.aps.org/prd/abstract/10.1103/PhysRevD.90.074032
Médium: MixedMaterials Elektronický zdroj Kapitola
KOHA link:https://koha.lib.tpu.ru/cgi-bin/koha/opac-detail.pl?biblionumber=638453

MARC

LEADER 00000naa0a2200000 4500
001 638453
005 20251105154035.0
035 |a (RuTPU)RU\TPU\network\2804 
090 |a 638453 
100 |a 20150123d2014 k||y0rusy50 ba 
101 0 |a eng 
102 |a US 
135 |a drcn ---uucaa 
181 0 |a i  
182 0 |a b 
200 1 |a Radiative decay Y(4260) -> X(3872) + gamma involving hadronic molecular and charmonium components  |f Y. Dong [et al.] 
203 |a Text  |c electronic 
300 |a Title screen 
320 |a [References: p. 10 (29 tit.)] 
330 |a We apply a phenomenological Lagrangian approach to the radiative decay Y(4260)>X(3872)+gamma. The Y(4260) and X(3872) resonances are considered as composite states containing both molecular hadronic and charmonium components. Having a leading molecular component in the X(3872) and a sole molecular configuration for the Y(4260) results in a prediction compatible with present data. 
333 |a Режим доступа: по договору с организацией-держателем ресурса 
461 |t Physical Review D  |o Scientific Journal  |d 1970- 
463 |t Vol. 90  |v [074032, 10 p.]  |d 2014 
610 1 |a электронный ресурс 
610 1 |a труды учёных ТПУ 
701 1 |a Dong  |b Y. 
701 1 |a Faessler  |b A. 
701 1 |a Gutsche  |b T. 
701 1 |a Lyubovitskiy (Lyubovitskij)  |b V. E.  |c physicist  |c Professor of Tomsk Polytechnic University, Doctor of physical and mathematical sciences, Professor of the University of Tubingen (Germany)  |f 1963-  |g Valery Efimovich  |3 (RuTPU)RU\TPU\pers\33385  |9 17080 
712 0 2 |a Национальный исследовательский Томский политехнический университет (ТПУ)  |b Физико-технический институт (ФТИ)  |b Кафедра высшей математики и математической физики (ВММФ)  |3 (RuTPU)RU\TPU\col\18727 
801 2 |a RU  |b 63413507  |c 20171122  |g RCR 
856 4 |u http://journals.aps.org/prd/abstract/10.1103/PhysRevD.90.074032 
942 |c CF